000
00263nam a2200097Ia 4500
001
642243
005
20250826153523.0
008
250824s9999 xx 000 0 und d
245
0
_a
PERİ KIZIYLA ÇOBAN HİKAYESİ/E2
_c
ORHAN SEYFİ ORHON
260
_b
EVEREST YAYINLARI
999
_c
642243
_d
642243